000 00551nam a2200205Ia 4500
001 14666
003 GE_BSU
008 181216s||||||||xx |||||||||||||| ||und||
040 _cGE_BSU
080 _a821.353.1-31
100 _aქიაჩელი,ლეო
245 _aგვადი ბიგვა
245 _cრედ.რ.გვეტაძე
260 _aთბილისი
260 _bფედერაცია
260 _c1938
300 _a270გვ.20სმ.
653 _aგვადი ბიგვა
942 _cBK
999 _c47792
_d47792